000 00719cam a22002172 4500
001 0000008455
005 20151217154403.0
008 080415s xx 000 0 eng d
020 _a0851118836 :
_cKES 1450
040 _aKABU
_cKABU
100 1 _aGuthrie, Donald.
_@0000159031
245 1 4 _aThe Pastoral Epistles :
_ban introduction and commentary /
_cDonald Guthrie.
250 _a2nd ed.
260 _aLeicester, England :
_bInter-Varsity Press,
_c1990.
300 _a240.
440 4 _aThe Tyndale New Testament commentaries
_@0000159025
650 0 _aBible. N. T. Pastoral Epistles
_xCommentaries.
_@0000159032
908 _a080415
950 _@1
999 _c10954
_d10954